000
00270nam a2200097Ia 4500
001
689329
005
20250826161632.0
008
250824s9999 xx 000 0 und d
245
0
_a
HZ.PEYGAMBERİN İZİNDE
_c
AHMET ÖNKAL/ADEM APAK/BÜNYAMİN ERUL
260
_b
DİB YAYINLARI
999
_c
689329
_d
689329